000 00831nam a2200253Ia 4500
003 OSt
005 20221005103200.0
006 a|||||r|||| 00| 0
007 ta
008 221004b |||||||| |||| 00| 0 hin d
024 _a107588
037 _cTextual
040 _aCRL
_cCRL
_bhin
041 _2hin
_ahin
082 _aO152:g, L3
100 _aभ. ह. राजूरकर
_9168385
245 0 _aअनियत अंकन
_b समीक्षात्मक निबंध
246 _aAniyat aankana: samīkṣhātmak nibandha
260 _aकानपुर
_bग्रन्थम भारत
_c1973
300 _a210पृ0
_ccm.
650 _aहिन्दी साहित्य
942 _hO152:g, L3
_cTEXL
_2cc
999 _c1009576
_d1009576